Hóa học phân tích Phần 3
HO059; HO020 Hóa phân tích
Đã lưu trong:
| Tác giả chính: | |
|---|---|
| Định dạng: | Sách |
| Ngôn ngữ: | Undetermined |
| Được phát hành: |
H.
Giáo dục
2007
|
| Những chủ đề: | |
| Truy cập trực tuyến: | http://lrc.tdmu.edu.vn/opac/search/detail.asp?aID=2&ID=3242 |
| Các nhãn: |
Thêm thẻ
Không có thẻ, Là người đầu tiên thẻ bản ghi này!
|
| Thư viện lưu trữ: | Trung tâm Học liệu Trường Đại học Thủ Dầu Một |
|---|
| LEADER | 00742nam a2200229Ia 4500 | ||
|---|---|---|---|
| 001 | TDMU_3242 | ||
| 008 | 210410s9999 xx 000 0 und d | ||
| 082 | |a 543 | ||
| 090 | |b NG527 | ||
| 100 | |a Nguyễn, Tinh Dung | ||
| 245 | 0 | |a Hóa học phân tích | |
| 245 | 0 | |c Nguyễn Tinh Dung | |
| 245 | 0 | |n Phần 3 | |
| 245 | 0 | |p Các phương pháp định lượng hóa học | |
| 260 | |a H. | ||
| 260 | |b Giáo dục | ||
| 260 | |c 2007 | ||
| 300 | |a 303tr. | ||
| 520 | |a HO059; HO020 Hóa phân tích | ||
| 650 | |a Hóa phân tích |x Phương pháp định lượng | ||
| 856 | |u http://lrc.tdmu.edu.vn/opac/search/detail.asp?aID=2&ID=3242 | ||
| 980 | |a Trung tâm Học liệu Trường Đại học Thủ Dầu Một | ||